| 000 | 01481aam a2200349 i 4500 | ||
|---|---|---|---|
| 001 | 768714001 | ||
| 003 | CO-MdFUSB | ||
| 005 | 20240414062617.0 | ||
| 007 | ta | ||
| 008 | 211215t1994 sp ab||| |||| 00| 0 spa d | ||
| 020 | _a8471516411 | ||
| 040 |
_bspa. _aCO-MdFUSB _cCO-MdFUSB _dCO-MdFUSBC _erda |
||
| 041 |
_aspa _hfre |
||
| 082 | 0 | 4 |
_a297 _223 _bJ759p |
| 100 | 1 |
_aJomier, Jacques _eautor |
|
| 240 | _aPour connaitre l'Islam | ||
| 245 | 1 | 0 |
_aPara conocer el Islam _c/ Jacques Jomier ; traducido por Alfonso Ortiz García |
| 250 | _asegunda edición | ||
| 264 | 1 |
_aNavarra, España : _bVerbo Divino, _c[1994] |
|
| 264 | 4 | _c© 1994 | |
| 300 |
_a165 páginas _c; 22 cm |
||
| 336 |
_atexto _btxt _2rdacontent |
||
| 337 |
_2rdamedia _asin mediación _bn |
||
| 338 |
_2rdacarrier _avolumen _bnc |
||
| 504 | _aIncluye BIbliografía | ||
| 505 | _aLa aparición del Islam. -- La expansión del Islam. -- Penetración del islam en África, al sur del Sahara. -- El dogma del Islam. -- La ley del islam. Los cinco pilares. -- La ley del islam y la vida social. -- Piedad y mística musulmanas. Las cofradías. -- El cristianismo tal y como lo ve el islam. -- El islam frente al mundo moderno. -- Las relaciones islamo-cristianas. -- El problema de Mahoma. -- La apologética musulmana. | ||
| 563 | _aRústico | ||
| 650 | 0 |
_aCristianismo y otras religiones _95345 _xIslamismo. |
|
| 700 |
_aOrtiz García, Alfonso _etraductor _96068 |
||
| 942 | _cBK | ||
| 945 | _aJTF-925 | ||
| 999 |
_c41118 _d41118 |
||